Normal view
MARC view
- Solanki,Vijender Kumar, vicente Garcia Diaz,j, Paulo Davim
Entry Personal Name
001 - CONTROL NUMBER
- control field: 6474
003 - CONTROL NUMBER IDENTIFIER
- control field: JO-AjAnu
005 - DATE AND TIME OF LATEST TRANSACTION
- control field: 20230606071341.0
008 - FIXED-LENGTH DATA ELEMENTS
- fixed length control field: 230606|| aca||aabn | a|a d
040 ## - CATALOGING SOURCE
- Original cataloging agency: JO-AjAnu
- Transcribing agency: JO-AjAnu
100 ## - HEADING--PERSONAL NAME
- Personal name: Solanki,Vijender Kumar, vicente Garcia Diaz,j, Paulo Davim
670 ## - SOURCE DATA FOUND
- Source citation: Work cat.: (JO-AjAnu)3356: Solanki,Vijender Kumar, vicente Garcia Diaz,j, Paulo Davim, author, Handbook of IOT and Big Data